<?xml version="1.0" encoding="UTF-8"?>
<record
    xmlns:xsi="http://www.w3.org/2001/XMLSchema-instance"
    xsi:schemaLocation="http://www.loc.gov/MARC21/slim http://www.loc.gov/standards/marcxml/schema/MARC21slim.xsd"
    xmlns="http://www.loc.gov/MARC21/slim">

  <leader>03390cam a2200277   4500500</leader>
  <controlfield tag="005">20260329011616.0</controlfield>
  <datafield tag="041" ind1=" " ind2=" ">
    <subfield code="a">fre</subfield>
  </datafield>
  <datafield tag="042" ind1=" " ind2=" ">
    <subfield code="a">dc</subfield>
  </datafield>
  <datafield tag="100" ind1="1" ind2="0">
    <subfield code="a">Beaurain, Christophe</subfield>
    <subfield code="e">author</subfield>
  </datafield>
  <datafield tag="700" ind1="1" ind2="0">
    <subfield code="a">Chembessi, Chedrak</subfield>
    <subfield code="e">author</subfield>
  </datafield>
  <datafield tag="245" ind1="0" ind2="0">
    <subfield code="a">&#xC9;conomie circulaire et transition soutenable des territoires : une mise en perspective par les Sustainability Transition Studies (STS) et approfondissement par la th&#xE9;orie de l&#x2019;acteur-r&#xE9;seau</subfield>
  </datafield>
  <datafield tag="260" ind1=" " ind2=" ">
    <subfield code="c">2024.
							</subfield>
  </datafield>
  <datafield tag="500" ind1=" " ind2=" ">
    <subfield code="a">67</subfield>
  </datafield>
  <datafield tag="520" ind1=" " ind2=" ">
    <subfield code="a">Since many years, Circular Economy (CE) has been promoted as one of the key vectors in the transformation of societies characterized by a capitalist system towards a sustainable transition. However, in the actions implemented to date, its transformative potential remains limited. And many challenges appear in establishing a link between CE&#x2019;s societal objectives and local and sectoral experiments, whose effects on a wider scale appear limited. Therefore, in this article, we highlight the potential, albeit limited, contributions of mobilizing STS to build interactions at different spatial scales for the transition to CE and its contribution to sustainability issues. In this respect, we suggest a network actor theory perspective to capture the potential of CE in the pursuit of an ecological transition. Our analysis underscores the need to consider the role of the composition process of actor collectives and to integrate non-humans into the dynamics of macro-societal transition towards CE and its articulation with sustainability issues.</subfield>
  </datafield>
  <datafield tag="520" ind1=" " ind2=" ">
    <subfield code="a">L&#x2019;&#xE9;conomie circulaire (EC) constitue depuis quelques ann&#xE9;es l&#x2019;un des vecteurs essentiels de transformation des soci&#xE9;t&#xE9;s caract&#xE9;ris&#xE9;es par un syst&#xE8;me capitaliste vers des modes de production plus durables. Cependant, dans les actions mises en &#x153;uvre jusqu&#x2019;&#xE0; pr&#xE9;sent, ses potentialit&#xE9;s transformatrices restent limit&#xE9;es. En outre, beaucoup d&#x2019;analyses peinent encore &#xE0; &#xE9;tablir un lien entre les objectifs &#xE0; caract&#xE8;re soci&#xE9;tal li&#xE9;s &#xE0; l&#x2019;EC et les exp&#xE9;rimentations locales et sectorielles, dont les effets &#xE0; une &#xE9;chelle plus large semblent aussi limit&#xE9;s. Dans cet article, nous soulignons les apports potentiels, mais n&#xE9;anmoins limit&#xE9;s, d&#x2019;une mobilisation des Sustainability Transition Studies (STS) pour construire des interactions &#xE0; diff&#xE9;rentes &#xE9;chelles spatiales pour la transition vers l&#x2019;EC et sa contribution aux enjeux de durabilit&#xE9;. &#xC0; cet &#xE9;gard, nous sugg&#xE9;rons une mise en perspective par la th&#xE9;orie de l&#x2019;acteur r&#xE9;seau pour se saisir des potentialit&#xE9;s de l&#x2019;EC dans la poursuite d&#x2019;une transition &#xE9;cologique. Notre analyse montre ainsi la n&#xE9;cessit&#xE9; de consid&#xE9;rer le r&#xF4;le du processus de composition des collectifs d&#x2019;acteurs et celle d&#x2019;int&#xE9;grer les non-humains dans la dynamique de transition macro-soci&#xE9;tale vers l&#x2019;EC et son articulation aux enjeux de durabilit&#xE9;.</subfield>
  </datafield>
  <datafield tag="690" ind1=" " ind2=" ">
    <subfield code="a">acteur-r&#xE9;seau</subfield>
  </datafield>
  <datafield tag="690" ind1=" " ind2=" ">
    <subfield code="a">&#xE9;conomie circulaire</subfield>
  </datafield>
  <datafield tag="690" ind1=" " ind2=" ">
    <subfield code="a">sustainability transition studies</subfield>
  </datafield>
  <datafield tag="690" ind1=" " ind2=" ">
    <subfield code="a">territoire</subfield>
  </datafield>
  <datafield tag="690" ind1=" " ind2=" ">
    <subfield code="a">actor network</subfield>
  </datafield>
  <datafield tag="690" ind1=" " ind2=" ">
    <subfield code="a">circular economy</subfield>
  </datafield>
  <datafield tag="690" ind1=" " ind2=" ">
    <subfield code="a">sustainability transition studies</subfield>
  </datafield>
  <datafield tag="690" ind1=" " ind2=" ">
    <subfield code="a">territory</subfield>
  </datafield>
  <datafield tag="786" ind1="0" ind2=" ">
    <subfield code="n">G&#xE9;ographie, &#xE9;conomie, soci&#xE9;t&#xE9; | 26 | 2-3 | 2024-04-17 | p. 231-252 | 1295-926x</subfield>
  </datafield>
  <datafield tag="856" ind1="4" ind2="1">
    <subfield code="u">https://shs.cairn.info/revue-geographie-economie-societe-2024-2-page-231?lang=fr&amp;redirect-ssocas=7080</subfield>
  </datafield>
  <datafield tag="999" ind1=" " ind2=" ">
    <subfield code="c">1863291</subfield>
    <subfield code="d">1863291</subfield>
  </datafield>
</record>
